<?xml version="1.0" encoding="UTF-8"?>
<record
    xmlns:xsi="http://www.w3.org/2001/XMLSchema-instance"
    xsi:schemaLocation="http://www.loc.gov/MARC21/slim http://www.loc.gov/standards/marcxml/schema/MARC21slim.xsd"
    xmlns="http://www.loc.gov/MARC21/slim">

  <leader>02099nam a22002417a 4500</leader>
  <controlfield tag="003">IT-MiCISF</controlfield>
  <controlfield tag="005">20260218110708.0</controlfield>
  <controlfield tag="008">161222b        xxu||||| |||| 00| 0 eng d</controlfield>
  <datafield tag="020" ind1=" " ind2=" ">
    <subfield code="a">9788864800530</subfield>
  </datafield>
  <datafield tag="040" ind1=" " ind2=" ">
    <subfield code="c">IT-MiCISF</subfield>
  </datafield>
  <datafield tag="041" ind1=" " ind2=" ">
    <subfield code="a">it</subfield>
  </datafield>
  <datafield tag="100" ind1=" " ind2=" ">
    <subfield code="a">Coccia Benedetto, Pittau Franco (a cura di)</subfield>
    <subfield code="9">56112</subfield>
  </datafield>
  <datafield tag="245" ind1=" " ind2=" ">
    <subfield code="a">Le migrazioni qualificate in Italia.</subfield>
    <subfield code="b">Ricerche, statistiche, prospettive</subfield>
  </datafield>
  <datafield tag="260" ind1=" " ind2=" ">
    <subfield code="a">Roma,</subfield>
    <subfield code="b">Idos,</subfield>
    <subfield code="c">2016</subfield>
  </datafield>
  <datafield tag="300" ind1=" " ind2=" ">
    <subfield code="a">pp. 207</subfield>
  </datafield>
  <datafield tag="500" ind1=" " ind2=" ">
    <subfield code="a">societ&#xE0;-multiculturale, lavoro, statistica, societ&#xE0;, educazione, associazionismo, legislazione</subfield>
  </datafield>
  <datafield tag="501" ind1=" " ind2=" ">
    <subfield code="a">Istituto di Studi Politici S. Pio V</subfield>
  </datafield>
  <datafield tag="520" ind1=" " ind2=" ">
    <subfield code="a">Il volume  &#xE8;  una ricerca dell&#x2019;Istituto di Studi Politici &#x201C;S. Pio V&#x201D; che analizza quanto finora &#xE8; stato pubblicato in materia, raccoglie i dati statistici disponibili e li utilizza per individuare le prospettive percorribili. Nel 2015 sono rimpatriati 30.052 italiani, mentre 102.259 connazionali si sono cancellati dalle anagrafi dei loro comuni per andare a stabilirsi in Paesi esteri. Questo consistente esodo, che ha un precedente solo nel 2004 (102mila espatriati), ci riporta indietro di quarant&#x2019;anni. Infatti, il 1974 era stato l&#x2019;ultimo anno in cui gli espatri dal nostro paese avevano superato le 100mila unit&#xE0;, dopo che costantemente si erano superati i 200mila espatri lungo tutto il periodo del secondo Dopoguerra e dopo che nel 1961 si era raggiunta la cifra record di 387mila. L&#x2019;esodo di massa, che si pensava un ricordo d&#x2019;altri tempi, &#xE8; ripreso con due caratteristiche prima assenti: nei flussi attuali sono coinvolti in prevalenza giovani italiani e in larga misura si  tratta di diplomati e laureati. Ancora all&#x2019;inizio del Duemila i migranti con istruzione superiore e terziaria erano un sesto del totale, mentre ora sono la met&#xE0;.</subfield>
  </datafield>
  <datafield tag="650" ind1=" " ind2=" ">
    <subfield code="a">Societ&#xE0;</subfield>
    <subfield code="9">56109</subfield>
  </datafield>
  <datafield tag="654" ind1=" " ind2=" ">
    <subfield code="a">rapporto</subfield>
  </datafield>
  <datafield tag="700" ind1=" " ind2=" ">
    <subfield code="a">Iodice A., Cramerotti R., Pasztor Z., Russo A., Albani M., Gabrielli D., </subfield>
    <subfield code="a">Lannutti V., Attanasio P., Iafrate P., Ricci A., Demaio G., Di Sciullo L., </subfield>
    <subfield code="a">Nanni M.P., Collicelli P., Melchionda U., </subfield>
    <subfield code="9">56113</subfield>
  </datafield>
  <datafield tag="942" ind1=" " ind2=" ">
    <subfield code="2">ddc</subfield>
    <subfield code="c">BK</subfield>
  </datafield>
  <datafield tag="999" ind1=" " ind2=" ">
    <subfield code="c">259224</subfield>
    <subfield code="d">259224</subfield>
  </datafield>
  <datafield tag="952" ind1=" " ind2=" ">
    <subfield code="0">0</subfield>
    <subfield code="1">0</subfield>
    <subfield code="2">ddc</subfield>
    <subfield code="4">0</subfield>
    <subfield code="6">B_7274_000000000000000</subfield>
    <subfield code="7">1</subfield>
    <subfield code="a">CISF</subfield>
    <subfield code="b">CISF</subfield>
    <subfield code="d">2016-12-22</subfield>
    <subfield code="l">0</subfield>
    <subfield code="o">b7274</subfield>
    <subfield code="p">9788864800530</subfield>
    <subfield code="r">2016-12-22 00:00:00</subfield>
    <subfield code="w">2016-12-22</subfield>
    <subfield code="y">BK</subfield>
  </datafield>
</record>
